| 000 -ლიდერი |
| ფიქსირებული სიგრძის საკონტროლო ველი |
01179nam a22002177a 4500 |
| 003 - საკონტროლო ნომრის იდენტიფიკატორი |
| საკონტროლო ველი |
Ge_BSU |
| 005 - ბოლო ოპერაციის თარიღი და დრო |
| საკონტროლო ველი |
20221125122525.0 |
| 008 - ფიქსირებული სიგრძის მონაცემთა ელემენტები - ზოგადი ინფორმაცია |
| ფიქსირებული სიგრძის საკონტროლო ველი |
221125s1970ge xxu||||| |||| 00| 0 geo d |
| 041 ## - ენის კოდი |
| Language code of text/sound track or separate title |
geo |
| 080 ## - უნივერსალური ათობითი კლასიფიკაციის ინდექსი |
| Universal Decimal Classification number |
821.131.1-32 ბ-82 |
| 100 ## - მთავარი ჩანაწერი - პიროვნების სახელი |
| Personal name |
ბოკაჩო, ჯოვანი. |
| 9 (RLIN) |
16095 |
| 245 ## - ცნობა სათაურის შესახებ |
| Title |
დეკამერონი. |
| Remainder of title |
წ. 1, [1-4 დღე] / |
| Statement of responsibility, etc |
ჯოვანი ბოკაჩო ; თარგმანი თ. სახოკიასი ; ილ.: ლ. გრიგოლია, ილ. სუპერზე რ. კენტისა. |
| 264 ## - წარმოების, გამოცემის, დისტრიბუციის და სხვა ცნობები |
| გამოცემის, წარმოების, დისტრიბუციის... ადგილი |
თბილისი : |
| გამოცემის, წარმოების, დისტრიბუციის... სახელწოდება |
საბჭ. საქართველო, |
| გამოცემის, წარმოების, დისტრიბუციის... თარიღი |
1970. |
| 300 ## - ფიზიკური აღწერა |
| Extent |
417გვ.: |
| Other physical details |
22 სმ. |
| 440 ## - სერიის ცნობა / დამატებულია ჩანაწერი - სათაური |
| Title |
მსოფლიო ლიტერატურის ბიბლიოთეკა პირველი სერია ტ.13 |
| 9 (RLIN) |
16096 |
| 653 ## - INDEX TERM--UNCONTROLLED |
| Uncontrolled term |
დეკამერონი |
| 653 ## - INDEX TERM--UNCONTROLLED |
| Uncontrolled term |
მხატვრული ლიტერატურა |
| 700 ## - ADDED ENTRY--PERSONAL NAME |
| Personal name |
სახოკია, თ |
| Relator term |
მთარგმნელი |
| 9 (RLIN) |
16097 |
| 700 ## - ADDED ENTRY--PERSONAL NAME |
| Personal name |
გრიგოლია, ლ [და სხვ.] |
| Relator term |
ილუსტრატორი |
| 9 (RLIN) |
16098 |
| 942 ## - ADDED ENTRY ELEMENTS (KOHA) |
| Source of classification or shelving scheme |
|
| Koha item type |
წიგნი |